000 00655nam a2200193 i 4500
001 31738
003 ES-MaACL
005 20250624194422.0
007 t|
008 030130s1921 sp ||||1| spa d
100 1 _aBaumann, Emile.
_926580
245 1 0 _aInmolación
_b: novela /
_cEmilio Baumann ; traducidaa en castellano por Pedro Vances ; con un prólogo de Ricardo León.
260 _aMadrid :
_bGil Blas :
_bRenacimiento,
_c[1921] (
_fImp. Miguel Albero)
300 _aX, 419 p. ;
_c18 cm.
700 1 _aVances, Pedro.
_9113043
700 1 _aLeón, Ricardo,
_d1877-1943
_971597
852 _aES-MaACL
_jC-4621
_bR.24263
999 _c31738
_d31738